Mittel- und Osteuropa auf dem Weg in die Europäische Union. Bericht zum Stand der Integrationsfähigkeit 1996 (Record no. 3338)

MARC details
000 -LEADER
fixed length control field 00563nam a22002057i 4500
001 - CONTROL NUMBER
control field 3388
003 - CONTROL NUMBER IDENTIFIER
control field OSt
005 - DATE AND TIME OF LATEST TRANSACTION
control field 20170126082318.0
007 - PHYSICAL DESCRIPTION FIXED FIELD--GENERAL INFORMATION
fixed length control field tu
008 - FIXED-LENGTH DATA ELEMENTS--GENERAL INFORMATION
fixed length control field 161220s1996 xxu||||| |||| 00| 0 d
024 7# - OTHER STANDARD IDENTIFIER
Standard number or code 3387
Source of number or code RID
040 ## - CATALOGING SOURCE
Transcribing agency OSt
084 ## - OTHER CLASSIFICATION NUMBER
Classification number 11.431
Number source z
100 1# - MAIN ENTRY--PERSONAL NAME
Personal name Weidenfeld, Werner
Relator term Ed.
245 00 - TITLE STATEMENT
Title Mittel- und Osteuropa auf dem Weg in die Europäische Union. Bericht zum Stand der Integrationsfähigkeit 1996
260 ## - PUBLICATION, DISTRIBUTION, ETC.
Place of publication, distribution, etc. Gütersloh :
Name of publisher, distributor, etc. Bertelsmann Stiftung,
Date of publication, distribution, etc. 1996.
300 ## - PHYSICAL DESCRIPTION
Extent 280 S. ;
Dimensions 30cm.
490 ## - SERIES STATEMENT
Series statement Strategien für Europa
651 ## - SUBJECT ADDED ENTRY--GEOGRAPHIC NAME
Geographic name EU
942 ## - ADDED ENTRY ELEMENTS (KOHA)
Koha item type Book
Holdings
Withdrawn status Lost status Damaged status Not for loan Home library Current library Shelving location Date acquired Inventory number Total Checkouts Full call number Barcode Date last seen Price effective from Koha item type
        WIIW WIIW Library 02/17/1997 3388   II-6.132 303386 01/26/2017 01/26/2017 Book
The Vienna Instiute for International Economic Studies (wiiw)